000
00230nam a22000977a 4500
008
140425t xxu||||| |||| 00| 0 eng d
100
_a
Kamal Masood Adhami
_9
833
245
_a
Drug Analysis on H.P.L.C
300
_a
271
942
_2
ddc
_c
BK
999
_c
17078
_d
17078